000 00602nam a2200181Ia 4500
008 151018s9999 xx 000 0 und d
082 _bRBASDV32395
_a110
100 _aचारुशीला भिडे
245 _aसारांशरूप दासबोध
250 _b1
260 _bराजश्री
_c2000
300 _a168
600 _aचारुशीला भिडे
630 _aसारांशरूप दासबोध
700 _aचारुशीला भिडे
730 _aसारांशरूप दासबोध
942 _cBOOK
999 _c1031920
_d1031917